[Event "51smm A Kaltern/Tramin-Brixen/Milland"]
[Site "?"]
[Date "2019.11.16"]
[Round "2.4"]
[White "Comai, Samuele"]
[Black "Hellweg, Stephan"]
[Result "1-0"]
[WhiteElo "1897"]
[BlackElo "1770"]
[PlyCount "97"]
[EventDate "2019.11.16"]

1. d4 Nf6 2. c4 g6 3. Nc3 Bg7 4. e4 d6 5. Nf3 O-O 6. h3 e5 7. Be3 exd4 8. Nxd4
Re8 9. Qf3 Nbd7 10. Nb3 Ne5 11. Qg3 Nc6 12. Bd3 Nh5 13. Qh2 Be5 14. g3 Be6 15.
Be2 Nf6 16. Qg2 Nd7 17. O-O Bg7 18. f4 f5 19. g4 Bxc3 20. bxc3 fxe4 21. f5 Bf7
22. Nd4 Nce5 23. f6 Kh8 24. Bh6 Be6 25. Bg7+ Kg8 26. Qxe4 Nc5 27. Qf4 Nf7 28.
Rae1 Bd7 29. g5 Re4 30. Qg3 Re5 31. h4 Ne4 32. Qf4 Qe8 33. Rb1 Nxc3 34. Bd3
Nxb1 35. Bxb1 Re1 36. Nf3 Qe3+ 37. Qxe3 Rxe3 38. h5 Nxg5 39. hxg6 Rxf3 40.
gxh7+ Nxh7 41. Rxf3 Ng5 42. Rg3 Ne6 43. Bf5 Re8 44. Be4 c6 45. Bf3 Nxg7 46.
Rxg7+ Kf8 47. Rh7 Kg8 48. Be4 Bc8 49. f7+ 1-0

[Event "51smm A Kaltern/Tramin-Brixen/Milland"]
[Site "?"]
[Date "2019.11.16"]
[Round "2.5"]
[White "Kofler, Oswald"]
[Black "Thaler, Elmar"]
[Result "1/2-1/2"]
[WhiteElo "1807"]
[BlackElo "1679"]
[PlyCount "90"]
[EventDate "2019.11.16"]

1. d4 Nf6 2. c4 e6 3. Nf3 d5 4. Nc3 Be7 5. e3 O-O 6. Bd3 dxc4 7. Bxc4 Nbd7 8.
O-O c5 9. a3 a6 10. dxc5 Nxc5 11. b4 Qxd1 12. Rxd1 Nce4 13. Nxe4 Nxe4 14. Bb2
b5 15. Bb3 a5 16. Bc2 Nf6 17. bxa5 Rxa5 18. Nd4 Bb7 19. Bd3 b4 20. axb4 Bxb4
21. Rxa5 Bxa5 22. Ra1 Ra8 23. Rb1 Bd5 24. Nb5 Rb8 25. Be5 Ra8 26. Nc7 Bxc7 27.
Bxc7 Be4 28. Bxe4 Nxe4 29. f3 Nc3 30. Rb8+ Rxb8 31. Bxb8 f5 32. Kf2 Kf7 33. Ke1
h5 34. h4 Nd5 35. Kd2 Nf6 36. Kd3 Nd7 37. Bd6 e5 38. e4 Ke6 39. Bb4 Nf6 40. Bf8
fxe4+ 41. fxe4 g6 42. Bc5 Ng4 43. Kc4 Nf6 44. Kd3 Ng4 45. Ke2 Nf6 1/2-1/2

[Event "51smm A Kaltern/Tramin-Brixen/Milland"]
[Site "?"]
[Date "2019.11.16"]
[Round "2.6"]
[White "Dallaglio, Giovanni"]
[Black "Ellemund, Gabriel"]
[Result "0-1"]
[WhiteElo "1917"]
[BlackElo "1644"]
[PlyCount "125"]
[EventDate "2019.11.16"]

1. d4 Nf6 2. Nf3 e6 3. c4 Bb4+ 4. Bd2 Be7 5. Nc3 d5 6. Bg5 O-O 7. e3 Nbd7 8.
Qc2 b6 9. O-O-O Ba6 10. Ne5 Bb7 11. h4 Nxe5 12. dxe5 Ng4 13. cxd5 exd5 14. Bc4
c6 15. Qf5 Bc8 16. Qf4 Qc7 17. Bb3 Bxg5 18. hxg5 Qxe5 19. Bc2 g6 20. Qxe5 Nxe5
21. f4 Ng4 22. Rde1 Re8 23. Kd2 Ba6 24. Nd1 Rad8 25. Rh4 f5 26. gxf6 Nxf6 27.
g4 Ne4+ 28. Kc1 Re7 29. g5 Rde8 30. Bxe4 Rxe4 31. Nf2 Rc4+ 32. Kd2 Bc8 33. Reh1
Re7 34. b3 Rc5 35. Nd3 Ra5 36. a4 b5 37. Ne5 Bd7 38. Nxg6 hxg6 39. Rh8+ Kf7 40.
R1h7+ Ke6 41. f5+ gxf5 42. g6 Be8 43. Rxe7+ Kxe7 44. g7 Bf7 45. Rc8 bxa4 46.
Rc7+ Kf6 47. Rxc6+ Kxg7 48. b4 Rb5 49. Kc3 a3 50. Ra6 a2 51. Rxa7 Kf6 52. Kd3
d4 53. Ra6+ Be6 54. exd4 Rxb4 55. d5 Rb1 56. Rxa2 Bxd5 57. Ra6+ Ke5 58. Ke3
Rb3+ 59. Kf2 f4 60. Rh6 Re3 61. Rh1 Kd4 62. Rd1+ Ke4 63. Rh1 0-1

[Event "51smm A Naturns-Arci Scacchi"]
[Site "?"]
[Date "2019.11.16"]
[Round "2.1"]
[White "Olivetti, Davide"]
[Black "La Manna, Andrea"]
[Result "0-1"]
[WhiteElo "2054"]
[BlackElo "2156"]
[PlyCount "90"]
[EventDate "2019.11.16"]

1. e4 e5 2. Nc3 Nf6 3. Bc4 Nc6 4. Nf3 Nxe4 5. O-O Nxc3 6. dxc3 Be7 7. Qd5 O-O
8. Nxe5 Nxe5 9. Qxe5 Bf6 10. Qg3 d5 11. Bd3 c5 12. Rd1 Be6 13. c4 Qe7 14. Bf4
Rfd8 15. cxd5 Rxd5 16. Rab1 c4 17. Be4 Rxd1+ 18. Rxd1 Rd8 19. Rxd8+ Qxd8 20. h3
Bxb2 21. c3 b5 22. Be5 f6 23. Bd4 b4 24. Qh4 h6 25. Qg3 bxc3 26. Qg6 Ba3 27.
Be3 Kf8 28. Bc2 Bd6 29. Bxa7 Qa5 30. Bd4 Be5 31. Be3 Bf7 32. Qh7 Qd5 33. a4 Bd4
34. Bf4 Be5 35. Be3 Bd4 36. Be4 Qc5 37. Qh8+ Ke7 38. Bf4 Bxf2+ 39. Kh2 Bg1+ 40.
Kh1 Be3 41. Bb8 Qd4 42. Bc2 Qd2 43. Qc8 Be8 44. Kh2 Bg1+ 45. Kh1 Bf2 0-1

[Event "51smm A Naturns-Arci Scacchi"]
[Site "?"]
[Date "2019.11.16"]
[Round "2.2"]
[White "Unterthurner, Hans"]
[Black "Moser, Gabriele"]
[Result "1-0"]
[WhiteElo "1923"]
[BlackElo "1889"]
[PlyCount "63"]
[EventDate "2019.11.16"]

1. e4 c6 2. d4 d5 3. exd5 cxd5 4. c4 Nf6 5. Nc3 Bg4 6. Qb3 Qb6 7. Qxb6 axb6 8.
cxd5 Na6 9. a3 Nc7 10. h3 Bf5 11. g4 Bg6 12. Bg2 Rd8 13. d6 Ne6 14. Nge2 Rxd6
15. Bxb7 Bd3 16. Be3 Bc4 17. Rc1 b5 18. b3 Bxe2 19. Kxe2 Nd8 20. Bf3 b4 21. Nb5
Rb6 22. a4 g6 23. g5 Nh5 24. Nc7+ Kd7 25. a5 Rd6 26. a6 Nc6 27. Bxc6+ Rxc6 28.
Rxc6 Kxc6 29. a7 Bg7 30. a8=Q+ Rxa8 31. Nxa8 Kb7 32. Ra1 1-0

[Event "51smm A Naturns-Arci Scacchi"]
[Site "?"]
[Date "2019.11.16"]
[Round "2.3"]
[White "Perino, Alberto"]
[Black "Naegele, Norbert"]
[Result "1-0"]
[WhiteElo "1858"]
[BlackElo "1817"]
[PlyCount "77"]
[EventDate "2019.11.16"]

1. e4 g6 2. d4 Bg7 3. Be3 d6 4. Be2 a6 5. Nf3 Nf6 6. Nbd2 O-O 7. h3 b5 8. c3
Bb7 9. Qc2 Nbd7 10. a4 c6 11. O-O Qc7 12. c4 b4 13. c5 dxc5 14. dxc5 a5 15.
Rfd1 Ba6 16. Bxa6 Rxa6 17. Nc4 Raa8 18. Rac1 Rac8 19. Nfd2 Ne5 20. Nb6 Rcd8 21.
Nb3 Qa7 22. f4 Ned7 23. e5 Nd5 24. Rxd5 cxd5 25. Nxd5 Nxc5 26. Bxc5 Qa8 27.
Nxe7+ Kh8 28. Nd4 Rfe8 29. Ndc6 Rd7 30. Qc4 Rf8 31. Bd6 f6 32. Qe6 Rb7 33. exf6
Rxf6 34. Ne5 Rxe7 35. Qxe7 h5 36. Rc7 Qf8 37. Nf7+ Kh7 38. Ng5+ Kh6 39. Be5 1-0

[Event "51smm A Naturns-Arci Scacchi"]
[Site "?"]
[Date "2019.11.16"]
[Round "2.4"]
[White "Gurschler, Gregor"]
[Black "De Nisi, Roberta"]
[Result "1-0"]
[WhiteElo "1768"]
[BlackElo "1781"]
[PlyCount "103"]
[EventDate "2019.11.16"]

1. e4 e6 2. d3 d5 3. Nd2 Bd6 4. Ngf3 c6 5. c3 Qc7 6. Be2 Nf6 7. Qc2 c5 8. O-O
Nc6 9. Re1 O-O 10. Nf1 b5 11. Bg5 Ng4 12. exd5 exd5 13. h3 Nge5 14. Ne3 Be6 15.
Nxe5 Bxe5 16. Bg4 f5 17. Bf3 Qd6 18. g3 Bxg3 19. fxg3 Qxg3+ 20. Qg2 f4 21. Qxg3
fxg3 22. Bxd5 Bxd5 23. Nxd5 Rf5 24. Ne7+ Nxe7 25. Bxe7 c4 26. d4 Rf2 27. Rab1
a6 28. Bd6 Rh2 29. Bxg3 Rxh3 30. Kg2 Rh6 31. d5 Kf7 32. d6 Ra7 33. Re4 Re6 34.
Rf1+ Rf6 35. Rfe1 Kf8 36. Re7 Rxe7 37. Rxe7 Rf7 38. Rc7 Ke8 39. Rc8+ Kd7 40.
Ra8 Kc6 41. Rxa6+ Kb7 42. Ra5 Kb6 43. Ra8 Rd7 44. b3 cxb3 45. axb3 Kb7 46. Re8
Kc6 47. c4 bxc4 48. bxc4 g6 49. Re7 Rd8 50. Rc7+ Kb6 51. c5+ Kb5 52. c6 1-0

[Event "51smm A Naturns-Arci Scacchi"]
[Site "?"]
[Date "2019.11.16"]
[Round "2.5"]
[White "Keim, Simon"]
[Black "Gurschler, Thomas"]
[Result "1/2-1/2"]
[WhiteElo "1668"]
[BlackElo "1869"]
[PlyCount "87"]
[EventDate "2019.11.16"]

1. d3 g6 2. Nd2 Bg7 3. Ngf3 c5 4. e4 Nc6 5. c3 e5 6. Qc2 Nge7 7. Be2 O-O 8. g4
h6 9. Nf1 d6 10. h3 Be6 11. Be3 b5 12. Qd2 Kh7 13. Ng3 Qb6 14. b4 a5 15. O-O
axb4 16. cxb4 Ra6 17. Qb2 Nxb4 18. a3 Nbc6 19. Rfb1 Rfa8 20. Qxb5 Qxb5 21. Rxb5
Rxa3 22. Rxa3 Rxa3 23. Rb6 Ra4 24. Kg2 Rb4 25. Ra6 Bc8 26. Ra2 Rb6 27. Nd2 Nb4
28. Ra7 Nbc6 29. Ra2 Ba6 30. Nc4 Bxc4 31. dxc4 Nb4 32. Ra7 Bf6 33. Bf1 Kg7 34.
Ne2 Nec6 35. Ra3 Ra6 36. Rxa6 Nxa6 37. Nc3 Nab4 38. Nb5 Be7 39. Bd2 Na5 40. Bc3
Nac6 41. f4 Nc2 42. Bd3 N2d4 43. fxe5 dxe5 44. Nc7 1/2-1/2

[Event "51smm A Naturns-Arci Scacchi"]
[Site "?"]
[Date "2019.11.16"]
[Round "2.6"]
[White "Naegele, Raimund"]
[Black "D'Ambrosio, Luca"]
[Result "1/2-1/2"]
[WhiteElo "1612"]
[BlackElo "1761"]
[PlyCount "88"]
[EventDate "2019.11.16"]

1. d4 d5 2. Nf3 Nf6 3. e3 c6 4. Bd3 Bg4 5. Nbd2 e6 6. O-O Be7 7. c4 Nbd7 8. Qb3
Qb6 9. c5 Qxb3 10. axb3 O-O 11. b4 Bf5 12. Be2 b6 13. b3 a5 14. bxa5 bxc5 15.
Bb2 Rfb8 16. Rfc1 c4 17. Ba3 cxb3 18. Nxb3 Bd8 19. Bd1 Bxa5 20. Bd6 Rb5 21. Bc7
Bxc7 22. Rxa8+ Rb8 23. Rxb8+ Nxb8 24. Nc5 Bg4 25. Ra1 g6 26. Ra7 Bd6 27. Rb7
Kg7 28. h3 Bxf3 29. Bxf3 Bxc5 30. Rxb8 Bf8 31. Rc8 Ba3 32. Rxc6 Bf8 33. Kf1 Ba3
34. Ke2 Bf8 35. g3 Bb4 36. Bg2 h6 37. g4 g5 38. f3 h5 39. Kf2 hxg4 40. hxg4 Kg6
41. Bf1 Ba3 42. Ke2 Bb4 43. Kd3 Kg7 44. Be2 Ba3 1/2-1/2

[Event "51smm A Naturns2- Deutschnofen"]
[Site "?"]
[Date "2019.11.16"]
[Round "2.1"]
[White "Dappiano, Andrea"]
[Black "Gurschler, Markus"]
[Result "1-0"]
[WhiteElo "2272"]
[BlackElo "1591"]
[PlyCount "57"]
[EventDate "2019.11.16"]

1. e4 g6 2. d4 Bg7 3. Nc3 d6 4. Be3 Nf6 5. Qd2 Ng4 6. Bg5 h6 7. Bh4 g5 8. Bg3
Nc6 9. Bb5 Bd7 10. Nge2 e5 11. d5 Ne7 12. Bxd7+ Qxd7 13. h4 O-O-O 14. f3 Nf6
15. Bf2 gxh4 16. a4 c5 17. Rxh4 h5 18. Be3 Ng6 19. Rh1 h4 20. b4 h3 21. g3 b6
22. bxc5 dxc5 23. a5 Kb7 24. Qd3 Ra8 25. Kf2 Bh6 26. Bxh6 Rxh6 27. axb6 axb6
28. Rxa8 Kxa8 29. Qa6+ 1-0

[Event "51smm A Naturns2- Deutschnofen"]
[Site "?"]
[Date "2019.11.16"]
[Round "2.2"]
[White "Zoeschg, Herbert"]
[Black "Zamengo, Fulvio"]
[Result "0-1"]
[WhiteElo "1569"]
[BlackElo "2303"]
[PlyCount "80"]
[EventDate "2019.11.16"]

1. e4 c5 2. Nf3 Nc6 3. d4 cxd4 4. Nxd4 Qb6 5. Nb3 Nf6 6. Nc3 e6 7. Be3 Qc7 8.
Nb5 Qb8 9. f4 Nxe4 10. Qf3 Nf6 11. O-O-O a6 12. N5d4 Be7 13. g4 Nd5 14. Bd2
Nxd4 15. Nxd4 b5 16. Bg2 Qb6 17. Qd3 Bb7 18. Bxd5 Bxd5 19. Rhe1 O-O 20. f5 Bc4
21. Qe4 d5 22. Qe3 Bc5 23. c3 Bxa2 24. f6 Rfc8 25. Qg5 Bf8 26. Be3 Qd8 27. Rf1
b4 28. Ne2 Bc4 29. Kd2 bxc3+ 30. bxc3 Bxe2 31. Kxe2 Rxc3 32. Bd4 Rc2+ 33. Kf3
Rb8 34. Rb1 g6 35. Qf4 Rbc8 36. Rfc1 Rxc1 37. Rxc1 Rxc1 38. Qxc1 Qd6 39. Qc8 e5
40. Be3 Qxf6+ 0-1

[Event "51smm A Naturns2- Deutschnofen"]
[Site "?"]
[Date "2019.11.16"]
[Round "2.3"]
[White "Micheli, Carlo"]
[Black "Seppi, Alexander"]
[Result "1-0"]
[WhiteElo "2236"]
[BlackElo "1514"]
[PlyCount "143"]
[EventDate "2019.11.16"]

1. e4 c5 2. Nf3 Nc6 3. d4 cxd4 4. Nxd4 Nf6 5. Nc3 g6 6. Be3 Bg7 7. Be2 O-O 8.
Qd2 Nxd4 9. Bxd4 d6 10. h4 h5 11. f3 e5 12. Be3 Be6 13. O-O-O Qa5 14. Kb1 b5
15. Nd5 Qxd2 16. Nxf6+ Bxf6 17. Rxd2 a6 18. Rxd6 Rfd8 19. Rxd8+ Rxd8 20. g3 Be7
21. Rd1 Rc8 22. b3 Kf8 23. Kb2 Rc6 24. c3 Rc8 25. Ra1 Rc6 26. a4 b4 27. Rc1
bxc3+ 28. Rxc3 Ba3+ 29. Kc2 Rxc3+ 30. Kxc3 a5 31. g4 hxg4 32. fxg4 Be7 33. g5
Bb4+ 34. Kc2 Be1 35. h5 gxh5 36. Bxh5 Ke8 37. Bd1 Kd7 38. Kd3 Kc6 39. Bc1 Bb4
40. Bb2 Bd6 41. Bc3 Kb6 42. Kc2 Bc7 43. Be2 Kc5 44. Bb5 Kb6 45. b4 axb4 46.
Bxb4 Bd8 47. Bd2 Be7 48. Kd3 Ba2 49. Bc4 Bb1+ 50. Ke2 Bxe4 51. Bxf7 Bxg5 52.
Bxg5 Bc6 53. Bb3 Ka5 54. Bd2+ Kb6 55. Bb4 e4 56. Ke3 Bb7 57. Bc4 Bc6 58. a5+
Kc7 59. Kd4 Kb8 60. Kc5 Ba8 61. Kb6 e3 62. Bd6+ Kc8 63. Ba6+ Kd7 64. Bg3 Bf3
65. Bb7 Be2 66. Bc6+ Kc8 67. a6 Bxa6 68. Kxa6 Kd8 69. Kb6 Ke7 70. Kc5 Ke6 71.
Kd4 e2 72. Bf3 1-0

[Event "51smm A Naturns2- Deutschnofen"]
[Site "?"]
[Date "2019.11.16"]
[Round "2.4"]
[White "Illmer, Markus"]
[Black "Gallana, Marco"]
[Result "0-1"]
[WhiteElo "1557"]
[BlackElo "2192"]
[PlyCount "82"]
[EventDate "2019.11.16"]

1. d4 Nf6 2. Nf3 g6 3. Bg5 d5 4. Nbd2 Bg7 5. e3 O-O 6. Bd3 c5 7. c3 b6 8. O-O
Bb7 9. Re1 Nbd7 10. Qe2 Ne4 11. Bh4 Re8 12. Bb5 a6 13. Bxd7 Qxd7 14. Nxe4 dxe4
15. Nd2 a5 16. dxc5 bxc5 17. Rab1 a4 18. Red1 Qe6 19. Qc4 Qxc4 20. Nxc4 Bc6 21.
Bg3 Ra7 22. Rbc1 Bb5 23. b3 axb3 24. axb3 Bxc4 25. bxc4 Ra4 26. Bc7 Rxc4 27.
Rd5 Rc8 28. Ba5 Ra8 29. Rd8+ Rxd8 30. Bxd8 Rxc3 31. Rxc3 Bxc3 32. Bxe7 c4 33.
Ba3 f5 34. Kf1 Kf7 35. Ke2 Ke6 36. Kd1 Kd5 37. Kc2 Be1 38. f3 Ba5 39. Bb2 Bb4
40. Bd4 Bc5 41. Kc3 Bxd4+ 0-1

[Event "51smm A Naturns2- Deutschnofen"]
[Site "?"]
[Date "2019.11.16"]
[Round "2.5"]
[White "Tonina, Filippo"]
[Black "Wielander, Wolfgang"]
[Result "1-0"]
[WhiteElo "1965"]
[BlackElo "1492"]
[PlyCount "125"]
[EventDate "2019.11.16"]

1. d4 Nf6 2. c4 e6 3. Nc3 d5 4. cxd5 exd5 5. Bg5 Be7 6. e3 O-O 7. Bd3 Nbd7 8.
Nge2 c5 9. O-O a6 10. f3 Re8 11. Qd2 Nh5 12. Bxe7 Qxe7 13. Nxd5 Qd6 14. Ndc3
Nhf6 15. Rac1 b5 16. dxc5 Qxc5 17. Ne4 Qb6 18. N2g3 Bb7 19. Rfe1 Rad8 20. Qf2
Ne5 21. Bb1 Nc4 22. b3 Nxe4 23. Nxe4 Bxe4 24. bxc4 Bxb1 25. Rxb1 Qa5 26. cxb5
axb5 27. Rbd1 h6 28. e4 Rc8 29. Rd2 Rc4 30. Red1 Ra4 31. Rb2 Ra8 32. Rdb1 b4
33. h3 Rxa2 34. Rxa2 Qxa2 35. Qxa2 Rxa2 36. Rxb4 Kh7 37. Kh2 Kg6 38. Kg3 f6 39.
Rb3 Re2 40. Rb4 Re1 41. h4 Rc1 42. Kf4 h5 43. Rb5 Ra1 44. g3 Rc1 45. Rb2 Rc5
46. Rd2 Rb5 47. Rd6 Rb4 48. Ke3 Rb1 49. f4 Rb3+ 50. Rd3 Rb1 51. Kd4 Rb4+ 52.
Kd5 Rb5+ 53. Ke6 Ra5 54. e5 fxe5 55. fxe5 Ra6+ 56. Rd6 Ra3 57. Ke7+ Kf5 58. e6
Kg6 59. Ke8 Ra8+ 60. Rd8 Ra7 61. e7 Ra6 62. Kf8 Rf6+ 63. Kg8 1-0

[Event "51smm A Naturns2- Deutschnofen"]
[Site "?"]
[Date "2019.11.16"]
[Round "2.6"]
[White "Koellemann, Simon"]
[Black "Thurner, Markus"]
[Result "1/2-1/2"]
[WhiteElo "1514"]
[BlackElo "1892"]
[PlyCount "149"]
[EventDate "2019.11.16"]

1. e4 e6 2. d4 d5 3. Nd2 Nf6 4. e5 Nfd7 5. Bd3 c5 6. c3 Nc6 7. Ne2 Qb6 8. Nf3
cxd4 9. cxd4 Bb4+ 10. Bd2 Bxd2+ 11. Qxd2 Qb4 12. Qc3 Nb6 13. b3 Bd7 14. O-O Rc8
15. Rac1 Qxc3 16. Rxc3 Ke7 17. Rfc1 h6 18. h4 a6 19. Nf4 Rhd8 20. Nh5 Kf8 21.
g4 Nb4 22. Bb1 Bb5 23. Ne1 Nc6 24. Nc2 Be2 25. f3 a5 26. Kf2 Ba6 27. Ke3 Nd7
28. g5 hxg5 29. hxg5 Ne7 30. Ne1 Rxc3+ 31. Rxc3 Nxe5 32. f4 N5c6 33. Nf3 Rc8
34. Ng3 Na7 35. Rxc8+ Naxc8 36. Ne5 Bb5 37. f5 exf5 38. Nxf5 Nxf5+ 39. Bxf5 Nd6
40. Bd3 Ke7 41. Bxb5 Nxb5 42. Nd3 b6 43. a4 Nd6 44. Kf4 Ke6 45. Ne5 Ne4 46. Nd3
Nc3 47. Ke3 Ne4 48. Kf4 f6 49. gxf6 Kxf6 50. Ne5 Ke6 51. Nd3 Kd6 52. Kf5 Nd2
53. b4 Nb3 54. Kg6 Nxd4 55. bxa5 bxa5 56. Kxg7 Nb3 57. Kf6 Nc5 58. Nb2 Ne4+ 59.
Kf5 Kc5 60. Ke5 Nc3 61. Kf4 Kb4 62. Ke3 Kb3 63. Nd3 Kxa4 64. Kd4 Kb3 65. Nc5+
Kb2 66. Nd3+ Kc2 67. Nc5 Ne4 68. Na4 Kb3 69. Nb6 Nc3 70. Nd7 Kb4 71. Nc5 Na4
72. Nd3+ Kb3 73. Kxd5 Kc3 74. Kc6 Nb6 75. Nc5 1/2-1/2

[Event "51smm B Groeden2-Merania"]
[Site "?"]
[Date "2019.11.16"]
[Round "2.1"]
[White "Bonagura, Stefano"]
[Black "Casadio, Lorenzo"]
[Result "1-0"]
[WhiteElo "2231"]
[BlackElo "1771"]
[PlyCount "121"]
[EventDate "2019.11.16"]

1. e4 c5 2. Nc3 Nc6 3. f4 g6 4. Nf3 Bg7 5. Bb5 Nd4 6. O-O Nxb5 7. Nxb5 d5 8. e5
d4 9. a4 Nh6 10. d3 O-O 11. Na3 Qc7 12. Qe1 Re8 13. Nc4 b6 14. Bd2 Bb7 15. b4
f6 16. bxc5 bxc5 17. a5 Nf7 18. a6 Bxf3 19. Rxf3 fxe5 20. Ba5 Qc6 21. fxe5 Qxa6
22. Bb6 axb6 23. Rxa6 Rxa6 24. e6 Ng5 25. Rg3 Rea8 26. Nb2 Ra1 27. Nd1 Rb1 28.
Rxg5 Raa1 29. Kf2 Rxd1 30. Qe4 Rf1+ 31. Kg3 Bf6 32. Rg4 Rae1 33. Qa8+ Kg7 34.
Re4 Re3+ 35. Rxe3 dxe3 36. Qe4 Bd4 37. c3 Bxc3 38. Qxe3 Re1 39. Qf3 Rxe6 40.
Qb7 Bf6 41. Kf3 Bd4 42. g3 Kf6 43. Kg2 Re2+ 44. Kh3 Rb2 45. Qc6+ Kg7 46. Qc7
Bf6 47. Kg4 Rb3 48. Qd7 b5 49. Qd5 Rc3 50. Kf4 b4 51. g4 g5+ 52. Kf5 Rc1 53.
Ke6 Rb1 54. Kd7 Kf8 55. Qa8+ Kg7 56. Qd5 Kf8 57. Qa8+ Kg7 58. Ke8 b3 59. Qd5 b2
60. Qf7+ Kh6 61. Kf8 1-0

[Event "51smm B Groeden2-Merania"]
[Site "?"]
[Date "2019.11.16"]
[Round "2.2"]
[White "Kasslatter, Matthias"]
[Black "Teutsch, Alexander"]
[Result "0-1"]
[WhiteElo "1493"]
[BlackElo "2061"]
[PlyCount "91"]
[EventDate "2019.11.16"]

1. e4 g6 2. d4 Bg7 3. Nf3 d6 4. Nc3 Nc6 5. Bc4 Nf6 6. O-O Bg4 7. Be3 O-O 8. Bb5
Nd7 9. Bxc6 bxc6 10. h3 Bxf3 11. Qxf3 e5 12. dxe5 Nxe5 13. Qe2 Rb8 14. Rab1 a5
15. Rfd1 Qe7 16. Bd4 Rb4 17. f4 Nf3+ 18. Qxf3 Bxd4+ 19. Kh1 Bxc3 20. Qxc3 Qxe4
21. b3 Rb5 22. Rd4 Qf5 23. Re1 Rc5 24. Rc4 Rxc4 25. Qxc4 Qd5 26. Qxd5 cxd5 27.
Re7 Rc8 28. Kg1 Kg7 29. g4 Kf6 30. Re3 c5 31. Rd3 d4 32. c3 g5 33. cxd4 gxf4
34. dxc5 Rxc5 35. Rxd6+ Ke5 36. Rd2 Rc3 37. Kg2 Rg3+ 38. Kh2 Ke4 39. Rc2 Rd3
40. Kg2 Ke3 41. Rf2 Rd2 42. Rxd2 Kxd2 43. Kf3 Kc2 44. Kxf4 Kb2 45. Ke3 Kxa2 46.
Kd2 0-1

[Event "51smm B Groeden2-Merania"]
[Site "?"]
[Date "2019.11.16"]
[Round "2.3"]
[White "Battiston, Claudio"]
[Black "Grossrubatscher, Johann"]
[Result "1-0"]
[WhiteElo "1812"]
[BlackElo "1537"]
[PlyCount "56"]
[EventDate "2019.11.16"]

1. e4 d5 2. exd5 Qxd5 3. Nc3 Qa5 4. d4 c6 5. Bc4 Bf5 6. Nf3 Nf6 7. O-O e6 8.
Re1 Bb4 9. Bd2 O-O 10. a3 Be7 11. Nd5 Qd8 12. Nxe7+ Qxe7 13. Bb4 Qc7 14. Bxf8
Kxf8 15. Ne5 Nbd7 16. Bd3 Bxd3 17. Nxd7+ Qxd7 18. Qxd3 Rd8 19. Rad1 Qc7 20. h4
b5 21. a4 a6 22. axb5 axb5 23. Qc3 Kg8 24. Ra1 Qb7 25. Qc5 Nd7 26. Qe7 Qb6 27.
Ra6 Qb8 28. Ra7 Qc8 1-0

[Event "51smm B Groeden2-Merania"]
[Site "?"]
[Date "2019.11.16"]
[Round "2.4"]
[White "Moroder, Richard"]
[Black "Zuev, Mikhail"]
[Result "0-1"]
[WhiteElo "1467"]
[BlackElo "1692"]
[PlyCount "85"]
[EventDate "2019.11.16"]

1. e4 e6 2. d4 d5 3. exd5 exd5 4. Nf3 Be7 5. Be2 Nf6 6. h3 O-O 7. O-O Re8 8.
Nc3 Bf5 9. Ne5 c5 10. Be3 cxd4 11. Bxd4 Nc6 12. Nxc6 bxc6 13. Bf3 Rb8 14. Rb1
Qd7 15. Ne2 Ne4 16. Ng3 Nxg3 17. fxg3 Bd6 18. Bf2 Be5 19. b3 Qd6 20. g4 Bg6 21.
Re1 Qa3 22. Bd4 Bxd4+ 23. Qxd4 Qxa2 24. Rxe8+ Rxe8 25. Ra1 Qxc2 26. Rxa7 Qxb3
27. Rc7 Qb1+ 28. Kh2 Qb8 29. Qa7 Qxa7 30. Rxa7 h6 31. Rc7 Re6 32. h4 Be4 33.
Kg3 Bxf3 34. gxf3 g5 35. hxg5 hxg5 36. f4 gxf4+ 37. Kxf4 Kg7 38. Kf5 Rf6+ 39.
Kg5 d4 40. Kh5 Rd6 41. g5 d3 42. g6 Rd5+ 43. Kg4 0-1

[Event "51smm B Kaltern/Tramin2-Gries"]
[Site "?"]
[Date "2019.11.16"]
[Round "2.1"]
[White "De Vita, Gianni"]
[Black "Dibiasi, Rainer"]
[Result "1-0"]
[WhiteElo "1992"]
[BlackElo "1822"]
[PlyCount "89"]
[EventDate "2019.11.16"]

1. e4 d5 2. exd5 Qxd5 3. Nc3 Qa5 4. d4 c6 5. Nf3 Nf6 6. h3 e6 7. Bd3 Bd6 8. O-O
Nbd7 9. Bd2 Qc7 10. Qe2 b6 11. Rfe1 Bf4 12. Ne5 Bxe5 13. dxe5 Nd5 14. Qg4 g6
15. f4 Nxc3 16. Bxc3 Bb7 17. Bb4 c5 18. Ba3 a6 19. c4 Rd8 20. Rad1 a5 21. Bc2
O-O 22. b3 Nb8 23. h4 Nc6 24. Bb2 Rxd1 25. Rxd1 Rd8 26. h5 Rxd1+ 27. Qxd1 Qd8
28. Qxd8+ Nxd8 29. hxg6 hxg6 30. Bc3 Nc6 31. Be1 Nd4 32. Bd1 Be4 33. Bf2 Bc2
34. Bxc2 Nxc2 35. Bh4 Nb4 36. Bd8 Nxa2 37. Bxb6 Nc1 38. Bxa5 Nxb3 39. Bc3 Kf8
40. Kf2 Ke7 41. Ke2 Kd7 42. Kd1 Kc6 43. Kc2 Nd4+ 44. Bxd4 cxd4 45. Kd3 1-0

[Event "51smm B Kaltern/Tramin2-Gries"]
[Site "?"]
[Date "2019.11.16"]
[Round "2.2"]
[White "Unterkofler, Alex"]
[Black "Zammarchi, Massimo"]
[Result "1-0"]
[WhiteElo "1695"]
[BlackElo "1932"]
[PlyCount "57"]
[EventDate "2019.11.16"]

1. e4 f5 2. e5 d6 3. f4 Nc6 4. Nf3 Nh6 5. d4 d5 6. c4 e6 7. Nc3 Bb4 8. a3 Bxc3+
9. bxc3 O-O 10. cxd5 Qxd5 11. Be2 Na5 12. Rb1 a6 13. Qa4 Bd7 14. Qb4 Qe4 15.
Nd2 Qd5 16. c4 Qxd4 17. Qxa5 Qxf4 18. Nf3 Qe4 19. Qb4 c5 20. Qb2 Ng4 21. O-O
Bc6 22. Bd1 h6 23. Re1 Qd3 24. h3 Be4 25. Ra1 h5 26. Be2 Qd7 27. Rd1 Qc7 28.
hxg4 fxg4 29. Ng5 1-0

[Event "51smm B Kaltern/Tramin2-Gries"]
[Site "?"]
[Date "2019.11.16"]
[Round "2.3"]
[White "Paulmichl, Martin"]
[Black "Kerschbaumer, Horst"]
[Result "1-0"]
[WhiteElo "1888"]
[BlackElo "1626"]
[PlyCount "24"]
[EventDate "2019.11.16"]

1. f4 f5 2. e4 fxe4 3. d3 exd3 4. Bxd3 Nf6 5. Nf3 d6 6. O-O Bg4 7. Nbd2 Nbd7 8.
h3 Bh5 9. g4 Bf7 10. Ng5 c6 11. Nxf7 Qb6+ 12. Kg2 Kxf7 1-0

[Event "51smm B Kaltern/Tramin2-Gries"]
[Site "?"]
[Date "2019.11.16"]
[Round "2.4"]
[White "Florian, Andreas"]
[Black "Niederstaetter, Harald"]
[Result "0-1"]
[WhiteElo "1535"]
[BlackElo "1880"]
[PlyCount "80"]
[EventDate "2019.11.16"]

1. d4 c5 2. d5 d6 3. Nc3 e5 4. dxe6 fxe6 5. e4 Nc6 6. Nf3 Be7 7. Be2 Bf6 8. Bd2
Nge7 9. O-O O-O 10. Re1 d5 11. exd5 exd5 12. Bg5 Bf5 13. Bb5 Bg4 14. Be2 Bxf3
15. Bxf6 Bxe2 16. Rxe2 Rxf6 17. Rd2 Nd4 18. Ne2 Nxe2+ 19. Qxe2 Qd6 20. Rad1
Raf8 21. Rf1 Qe6 22. Qxe6+ Rxe6 23. f3 d4 24. Kf2 Re8 25. Rfd1 Kf7 26. c3 Nc6
27. a3 Kf6 28. g4 Re3 29. cxd4 Nxd4 30. Rd3 Rxd3 31. Rxd3 Re2+ 32. Kg3 Rxb2 33.
f4 Rb3 34. Rxb3 Nxb3 35. Kf3 c4 36. Ke3 b5 37. Ke2 Nd4+ 38. Kd1 Ne6 39. f5 Nd4
40. h3 Kg5 0-1

[Event "51smm B Kaltern/Tramin2-Gries"]
[Site "?"]
[Date "2019.11.16"]
[Round "2.5"]
[White "Spornberger, Peter"]
[Black "Martinelli, Michele"]
[Result "0-1"]
[WhiteElo "1510"]
[BlackElo "1628"]
[PlyCount "86"]
[EventDate "2019.11.16"]

1. e4 d6 2. d4 g6 3. Nf3 Bg7 4. h3 Nf6 5. Nc3 O-O 6. Be2 c5 7. dxc5 dxc5 8. Be3
Qa5 9. O-O Rd8 10. Qe1 Qb4 11. Nb5 Nc6 12. Nc7 Rb8 13. Qxb4 cxb4 14. Bd3 Nd7
15. Rab1 b6 16. Rfd1 Bb7 17. Nd5 e6 18. Nf4 Nc5 19. Bxc5 bxc5 20. Nd2 Rd7 21.
Nb3 Bf8 22. Be2 Rbd8 23. f3 Nd4 24. Nxd4 Rxd4 25. Rxd4 Rxd4 26. Rd1 Rxd1+ 27.
Bxd1 c4 28. Kf2 Bc5+ 29. Ke2 e5 30. Nd5 Bxd5 31. exd5 f5 32. b3 c3 33. Kd3 Kf7
34. Kc4 Bd6 35. Be2 a6 36. Bd3 Kf6 37. Be2 Kg5 38. Kd3 Kf4 39. Bf1 h5 40. g4
Kxf3 41. gxf5 e4+ 42. Kd4 gxf5 43. Bxa6 e3 0-1

[Event "51smm B Klausen2-Taufers"]
[Site "?"]
[Date "2019.11.16"]
[Round "2.2"]
[White "Blasbichler, Robert"]
[Black "Forer, Erich"]
[Result "0-1"]
[WhiteElo "1617"]
[BlackElo "1812"]
[PlyCount "33"]
[EventDate "2019.11.16"]

1. e4 d6 2. d4 Nf6 3. Nc3 Nc6 4. Nf3 Bg4 5. Be2 g6 6. O-O Bg7 7. Be3 O-O 8. h3
Bxf3 9. Bxf3 h6 10. Qd2 Kh7 11. Rad1 e5 12. d5 Ne7 13. Be2 g5 14. Qd3 a6 15. a3
Ng6 16. Kh2 Qd7 17. g3 {Handy} 0-1